000 00637nam a2200217 a 4500
001 BRCA_7951
005 20190320210052.0
008 100314s1969----enka###f##---#000-0#eng-#
041 _aeng
044 _aenk
050 4 _aNK2529
_b.C48 1969
100 1 _aCescinsky, Herbert
_914805
245 1 0 _aThe gentle art of faking furniture
_cby Herbert Cescinsky.
260 _aLondres
_bEyre & Spottiswoode
_c1969
300 _aix, 168 p.
_bil., 292 láminas
_c24 cm.
500 _a3109
650 1 4 _aMuebles ingleses
_vFalsificación
_919699
650 1 4 _aObras de arte
_vFalsificación
_zInglaterra
_919700
902 _aGFM
942 _2lcc
_cB
999 _c7620
_d7620